000
00300nam a22001337a 4500
003
SGT
082
_a
617.51
_b
E16H
100
_a
HAZARIKA, P.
245
_a
TB. OF EAR, NOSE, THROAT AND HEAT & NECK SURGERY
250
_a
3RD
260
_a
INDIA
_b
CBS
_c
2016
300
_a
920
942
_2
ddc
_c
BK
_0
14
999
_c
14872
_d
14872